000 00647nam a2200217Ia 4500
005 20250508164620.0
008 008 250505s9999 xx 000 0 eng d
020 _a978-0-670-08160-8
037 _aTextual
040 _aFEDL
_beng
_cFEDL
041 _aeng
_2eng
084 _a305.42, SAR
_qFEDL
100 _aSarkar Sumit Ed.
245 0 _aWomen and social reform in modern India: A reader. 2 V.
260 _aRanikhet, India
_bPermanent Black
_c2007
365 _aINR
_b1495
650 _aWomen - Social reform
_9778618
700 _a Sarkar Tanika Ed.
_9778619
942 _cTEXL
_h305.42, SAR
999 _c1390149
_d1390149